| 000 | 00601nam a2200193Ia 4500 | ||
|---|---|---|---|
| 005 | 20250326144902.0 | ||
| 008 | 250326s9999 xx 000 0 und d | ||
| 020 | _a0-566-08559-3 | ||
| 037 | _aTextbook | ||
| 040 |
_aFMSL _beng _cFMSL |
||
| 041 |
_aeng _2eng |
||
| 084 |
_aX:80gD658(2:55) P4 _qFMSL |
||
| 100 |
_aJames D _9736278 |
||
| 245 | 0 |
_aBuying information systems : selecting, implementing and assessing off-the-shelf systems _cJames D |
|
| 260 |
_aEngland _bEngland, Gower _c2004 |
||
| 300 | _avii,128 | ||
| 942 |
_cTB _hX:80gD658(2:55) P4 |
||
| 999 |
_c1305468 _d1305468 |
||